| 000 | 00572nam a2200193Ia 4500 | ||
|---|---|---|---|
| 999 |
_c54687 _d54687 |
||
| 003 | GCL | ||
| 005 | 20240530105307.0 | ||
| 008 | 140319s9999 xx 000 0 ara d | ||
| 040 |
_aGCL / _cGCL |
||
| 082 | 0 | 4 |
_a216.4 _bج غ |
| 100 | 1 | _aجمال سلطان | |
| 245 | 1 | 0 |
_aالغارة على التراث الاسلامى / _cجمال سلطان |
| 260 |
_a[S.N] : _bدار الجيل ، _c1991 |
||
| 300 | _a155 ص | ||
| 650 | 0 | 4 | _aالاسلام |
| 650 | 0 | 4 | _aدفع المطاعن عن الاسلام |
| 650 | 0 | 4 | _aالتراث الاسلامى |
| 942 |
_2ddc _cBK |
||